Volkskultur der Slowakei eine Austellung des Slowakischen Nationalmuseums in Martin

Bibliographic Details
Main Author: Bumbalová, Jana (Author)
Format: Book
Language:German
PhysicalDescription:1 zložený list farebné fotografie 27 cm
Published: Martin Slowakisches Nationalmuseum - Ethnographischen Museum in Martin 1993

MARC

LEADER 00000nam a2200000 4500
001 vtls012271471
003 SK-MaSNL
005 20260301080636.0
008 250218s1993 xo a d c 000 0 ger
020 |q (zložený list) 
040 |a SNK  |b slo  |c SNK  |e rda 
041 1 |a ger  |h ger 
044 |a xo  |c SK 
072 7 |2 konspekt 
080 |2 2011 
100 1 |a Bumbalová, Jana  |4 aut  |9 9874 
245 1 0 |a Volkskultur der Slowakei  |b eine Austellung des Slowakischen Nationalmuseums in Martin  |c Jana Bumbalová 
264 1 |a Martin  |b Slowakisches Nationalmuseum - Ethnographischen Museum in Martin  |c 1993 
300 |a 1 zložený list  |b farebné fotografie  |c 27 cm 
336 |a text  |b txt  |2 rdacontent 
336 |a statický obraz  |b sti  |2 rdacontent 
337 |a bez média  |b n  |2 rdamedia 
338 |a zväzok  |b nc  |2 rdacarrier 
500 |a Preložené pravdepodobne zo slovenčiny 
852 |a Slovenská národná knižnica 
999 |c 653733  |d 655663 
952 |a SNK  |b SNK  |y NEVYP  |7 1  |p 17A1536671  |o snkOSB 21645  |i snk2025/2721  |8 1  |0 0  |1 0  |4 0  |d 2025-02-18  |l 0  |r 2026-02-23 18:29:14  |w 2026-02-23